书目信息 |
| 题名: |
排球规则问答
|
|
| 作者: | 陈招娣 | |
| 分册: | ||
| 出版信息: | 人民体育出版社 1997.10 |
|
| 页数: | 123页 | |
| 开本: | 32开 | |
| 丛书名: | ||
| 单 册: | ||
| 中图分类: | G842.4-44 | |
| 科图分类: | ||
| 主题词: | 球类运动 | |
| 电子资源: | ||
| ISBN: | 7-5009-1490-3 | |
| 000 | 00511nam0 2200181 45 | |
| 001 | 9911301546 | |
| 005 | 19991130153759.9 | |
| 010 | @a7-5009-1490-3@d6.50 | |
| 100 | @a19991130d1997 km y0chiy0120 ea | |
| 101 | @achi | |
| 105 | @a z 000yy | |
| 200 | 1 | @a排球规则问答@APai Qiu Gui Ze Wen Da@f陈招娣@FChen Zhao Di |
| 210 | @c人民体育出版社@d1997.10 | |
| 215 | @a123页@c无图表@d32开 | |
| 606 | 0 | @a球类运动 |
| 690 | @aG842.4-44@v3 | |
| 801 | @aCN@bPerfectUser@c19991130 | |
| 905 | @aBZT@b61601-602@f7@dG842.4-44@e1 | |
| 排球规则问答/陈招娣.-人民体育出版社,1997.10 |
| 123页:无图表;32开 |
| ISBN 7-5009-1490-3:6.50 |
| ● |
| 相关链接 |
|
|
|
正题名:排球规则问答
索取号:G842.4-44/1
 
预约/预借
| 序号 | 登录号 | 条形码 | 馆藏地/架位号 | 状态 | 备注 |
| 1 | 61601 | 200427216 | 中心书库北库/ 北库025架B面1列1层59/ [索取号:G842.4-44/1] | 在馆 | |
| 2 | 61602 | 200427234 | 中心书库北库/ 北库025架B面1列1层56/ [索取号:G842.4-44/1] | 在馆 | |
| 3 | 62231 | 200427243 | 中心书库北库/ 北库025架B面1列1层58/ [索取号:G842.4-44/1] | 在馆 | |
| 4 | 62234 | 200427172 | 中心书库北库/ 北库025架B面1列1层53/ [索取号:G842.4-44/1] | 在馆 |